Rozpoznaj reprezentantów Argentyny z 75+ meczami - 2026.01. - Statystyki

Ogólne statystyki
  • Ten quiz został rozwiązany 19 razy
  • Średni wynik to 13 z 19
Statystyki odpowiedzi
Obrazkowy Hint Odpowiedź % Poprawnych
75 meczów Gonzalo Higuaín
100%
145 Ángel Di María
95%
91 Diego Maradona
95%
196 Lionel Messi
95%
147 Javier Mascherano
89%
75 Lautaro Martínez
89%
101 Sergio Agüero
84%
76 Carlos Tevez
79%
144 Javier Zanetti
74%
129 Nicolás Otamendi
74%
106 Diego Simeone
68%
83 Rodrigo De Paul
68%
96 Sergio Romero
68%
78 Gabriel Batistuta
47%
76 Leandro Paredes
47%
87 Ariel Ortega
26%
115 Roberto Ayala
26%
75 Juan Pablo Sorín
21%
97 Oscar Ruggeri
16%
Nie znaleziono quizów pasujących do podanych kryteriów
Rozkład punktacji
Procent ludzi z każdym wynikiem
Percentyl według liczby udzielonych odpowiedzi
Twoja historia wyników
Nie rozwiązałeś tego quizu